Statistics for All Second Tier English Football Teams Ever

Click here to take the quiz!

General Stats

  • This quiz has been taken 55 times
    (49 since last reset)
  • The average score is 84 of 109

Answer Stats

Answer% Correct
Cardiff City
100%
Hull City
100%
Manchester City
100%
Southampton
100%
Stoke City
100%
Swansea City
100%
West Bromwich Albion
100%
West Ham United
100%
Aston Villa
97%
Blackburn Rovers
97%
Blackpool
97%
Brighton & Hove Albion
97%
Bristol City
97%
Everton
97%
Fulham
97%
Leeds United
97%
Leicester City
97%
Manchester United
97%
Middlesbrough
97%
Millwall
97%
Norwich City
97%
Nottingham Forest
97%
Oxford United
97%
Queens Park Rangers
97%
Sheffield United
97%
Wolverhampton Wanderers
97%
Arsenal
95%
Birmingham City
95%
Bournemouth
95%
Brentford
95%
Coventry City
95%
Huddersfield Town
95%
Ipswich Town
95%
Newcastle United
95%
Portsmouth
95%
Reading
95%
Sunderland
95%
Watford
95%
Barnsley
92%
Bolton Wanderers
92%
Burnley
92%
Carlisle United
92%
Derby County
92%
Liverpool
92%
Plymouth Argyle
92%
Preston North End
92%
Rotherham United
92%
Sheffield Wednesday
92%
Tottenham Hotspur
92%
Wigan Athletic
92%
Wimbledon
92%
Bradford City
90%
Cambridge United
90%
Chelsea
90%
Luton Town
90%
Oldham Athletic
90%
Notts County
87%
Bristol Rovers
85%
Charlton Athletic
85%
Crystal Palace
85%
Grimsby Town
85%
Lincoln City
85%
Milton Keynes Dons
85%
Swindon Town
85%
Wycombe Wanderers
85%
York City
85%
Bury
82%
Doncaster Rovers
82%
Burton Albion
79%
Gillingham
79%
Northampton Town
79%
Port Vale
79%
Southend United
77%
Tranmere Rovers
77%
Yeovil Town
77%
Colchester United
74%
Newport County
74%
Peterborough United
72%
Stockport County
72%
Wrexham
72%
Crewe Alexandra
69%
Leyton Orient
69%
Walsall
69%
Chesterfield
64%
Scunthorpe United
64%
Shrewsbury Town
59%
Mansfield Town
56%
Bradford Park Avenue
54%
Hereford United
54%
Darlington
51%
Darwen
49%
Gateshead
46%
Glossop North End
44%
Bootle
31%
Burton Swifts
31%
Leeds City
31%
Middlesbrough Ironopolis
31%
Burton Wanderers
28%
Burton United
26%
Loughborough
26%
Northwich Victoria
26%
Rotherham Town
26%
Gainsborough Trinity
23%
New Brighton Tower
21%
Rotherham County
21%
Nelson
15%
Birmingham St George's
3%
Long Eaton Rangers
0%
Sunderland Albion
0%

Score Distribution

Percentile by Number Answered

Percent of People with Each Score

Your Score History

You have not taken this quiz since the last reset